ბათუმის შოთა რუსთაველის სახელმწიფო უნივერსიტეტის ბიბლიოთეკა

Искусство Греции : (ბიბ.ჩანაწერი № 60961)

000 -LEADER
fixed length control field 00658nam a22001817a 4500
005 - DATE AND TIME OF LATEST TRANSACTION
control field 20231130102819.0
008 - FIXED-LENGTH DATA ELEMENTS--GENERAL INFORMATION
fixed length control field 231130s1970 ru ||||| |||| 00| 0 rus d
041 ## - LANGUAGE CODE
Language code of text/sound track or separate title rus
080 ## - UNIVERSAL DECIMAL CLASSIFICATION NUMBER
Universal Decimal Classification number 7(38) П-49
100 ## - MAIN ENTRY--PERSONAL NAME
Personal name Полевой, В. М.
9 (RLIN) 20513
245 ## - TITLE STATEMENT
Title Искусство Греции :
Remainder of title Древний мир /
Statement of responsibility, etc. В.М. Полевой.
264 ## - PRODUCTION, PUBLICATION, DISTRIBUTION, MANUFACTURE, AND COPYRIGHT NOTICE
Place of production, publication, distribution, manufacture Москва :
Name of producer, publisher, distributor, manufacturer Искусство,
Date of production, publication, distribution, manufacture, or copyright notice 1970.
300 ## - PHYSICAL DESCRIPTION
Extent 328 с.
Other physical details ил.
Dimensions 22 см.
653 ## - INDEX TERM--UNCONTROLLED
keyword ბერძნული ხელოვნება
653 ## - INDEX TERM--UNCONTROLLED
keyword Შუა საუკუნეები
653 ## - INDEX TERM--UNCONTROLLED
keyword ანტიკური კლასიკა
942 ## - ADDED ENTRY ELEMENTS (KOHA)
Source of classification or shelving scheme
Koha item type წიგნი
ეგზემპლარები
Withdrawn status Lost status Source of classification or shelving scheme Damaged status Not for loan Permanent Location Current Location Shelving location Date acquired Cost, normal purchase price Full call number Barcode Date last seen Copy number Uniform Resource Identifier Price effective from Koha item type Public note
          ბათუმის შოთა რუსთაველის სახელმწიფო უნივერსიტეტის მთავარი ბიბლიოთეკა ბათუმის შოთა რუსთაველის სახელმწიფო უნივერსიტეტის მთავარი ბიბლიოთეკა წიგნსაცავი 2023-11-30 10.00 7(38) П-49 65498 2023-11-30 65498 ბსუ-ს საპატიო დოქტორის გურამ ლორთქიფანიძის საჩუქარი 2023-11-30 წიგნი 10 ლ.